[Event "III Open Alto Sangro A"]
[Site "Castel di Sangro ITA"]
[Date "2002.12.??"]
[Round "2"]
[White "Franchini, Gabriele"]
[Black "Laketic, Gojko"]
[Result "1/2-1/2"]
[WhiteElo "2145"]
[BlackElo "2444"]
[PlyCount "98"]
[EventDate "2002.12.06"]

1. d4 d5 2. c4 c6 3. Nf3 Nf6 4. Nc3 e6 5. Bg5 h6 6. Bxf6 Qxf6 7. Qc2 Nd7 8. e4
dxe4 9. Qxe4 g6 10. Bd3 Bg7 11. O-O O-O 12. Rfe1 c5 13. d5 Nb6 14. d6 e5 15.
Qxe5 Qxe5 16. Nxe5 Rd8 17. Rad1 Rxd6 18. Nb5 Re6 19. Nc7 Rxe5 20. Nxa8 Nxa8 21.
Bxg6 Rxe1+ 22. Rxe1 Kf8 23. Be4 Bxb2 24. Rb1 Bd4 25. Bxb7 Bf5 26. Rb3 Nb6 27.
Ra3 Nxc4 28. Rxa7 Nb6 29. g4 Bxg4 30. Be4 Bd1 31. Kf1 c4 32. Ke1 Ba4 33. f3 Kg7
34. Rc7 c3 35. Ke2 Bb5+ 36. Ke1 Ba4 37. Ke2 Kf6 38. Ke1 Ke5 39. Ke2 Nd5 40.
Bxd5 Kxd5 41. Kd3 Bb5+ 42. Kc2 Be5 43. Rc8 Ba4+ 44. Kd3 c2 45. Rd8+ Ke6 46. Rc8
Bf4 47. Rxc2 Bxc2+ 48. Kxc2 Bxh2 49. Kd3 Kf5 1/2-1/2

[Event "III Open Alto Sangro A"]
[Site "Castel di Sangro ITA"]
[Date "2002.12.??"]
[Round "2"]
[White "Tomescu, Vlad"]
[Black "Rombaldoni, Denis"]
[Result "1/2-1/2"]
[WhiteElo "2432"]
[BlackElo "2061"]
[PlyCount "99"]
[EventDate "2002.12.06"]

1. e4 c6 2. Nc3 d5 3. Nf3 dxe4 4. Nxe4 Nf6 5. Nxf6+ gxf6 6. b3 Bg4 7. Bb2 Nd7
8. h3 Bh5 9. Qe2 Qc7 10. O-O-O O-O-O 11. g4 Bg6 12. Bg2 e6 13. Nh4 Qa5 14. Kb1
Ba3 15. Ba1 Rhg8 16. f4 Bd6 17. f5 exf5 18. Bc3 Qb5 19. Qxb5 cxb5 20. gxf5 Bh5
21. Bf3 Bxf3 22. Nxf3 Ne5 23. Bxe5 fxe5 24. d3 Kd7 25. Rhg1 Ke7 26. Rdf1 Rxg1
27. Rxg1 Kf6 28. Ng5 Be7 29. Ne4+ Kxf5 30. Rg7 Rf8 31. Kc1 h6 32. Kd1 Bf6 33.
Rg2 Be7 34. Rg7 b6 35. Ke2 Ke6 36. Rh7 Bg5 37. h4 Bf4 38. Rg7 b4 39. Kf3 Rc8
40. d4 Rxc2 41. d5+ Kxd5 42. Rxf7 Rh2 43. Rd7+ Kc6 44. Rxa7 Rxh4 45. Ra4 Rh2
46. Rxb4 Rxa2 47. Rc4+ Kd7 48. Nf6+ Kd8 49. Nd5 Rd2 50. Ke4 1/2-1/2

[Event "III Open Alto Sangro A"]
[Site "Castel di Sangro ITA"]
[Date "2002.12.??"]
[Round "3"]
[White "Rombaldoni, Denis"]
[Black "Franchini, Gabriele"]
[Result "1/2-1/2"]
[WhiteElo "2061"]
[BlackElo "2145"]
[PlyCount "118"]
[EventDate "2002.12.06"]

1. d4 Nf6 2. c4 c5 3. d5 b5 4. cxb5 a6 5. bxa6 d6 6. Nc3 Bxa6 7. Nf3 g6 8. g3
Bg7 9. Bg2 Nbd7 10. Rb1 O-O 11. O-O Qc7 12. b3 Bb7 13. Bb2 Rfb8 14. Ba1 Qa5 15.
Qd2 Ng4 16. h3 Bh6 17. Qc2 Ngf6 18. Rfd1 Bg7 19. Ne1 Ne8 20. a4 Nc7 21. Kh2 Na6
22. Nd3 Ne5 23. Na2 Nxd3 24. Qxd3 Bxa1 25. Rxa1 Bc8 26. Rab1 Nb4 27. Nxb4 Rxb4
28. e4 Rab8 29. Qc2 Ba6 30. Bf1 Bxf1 31. Rxf1 Qb6 32. Kg2 c4 33. a5 Qxa5 34.
bxc4 Qc5 35. Rxb4 Rxb4 36. Rc1 Qd4 37. Qe2 Rb2 38. Rc2 Rb4 39. Kf3 Rb3+ 40. Kg2
Rb4 41. Qe3 Rxc4 42. Qxd4 Rxd4 43. f3 Kg7 44. g4 Ra4 45. Rc7 Kf8 46. g5 Ra2+
47. Kg3 Ra3 48. Rc8+ Kg7 49. Re8 Ra7 50. h4 f6 51. Kf4 Kf7 52. Rh8 Kg7 53. Rb8
Ra4 54. Rb7 Kf7 55. Kg3 Ra3 56. Rd7 Ke8 57. Rb7 Kf7 58. Kg4 Ra1 59. gxf6 Kxf6
1/2-1/2

[Event "III Open Alto Sangro A"]
[Site "Castel di Sangro ITA"]
[Date "2002.12.??"]
[Round "4"]
[White "Ficco, Corrado"]
[Black "Rombaldoni, Denis"]
[Result "0-1"]
[WhiteElo "2115"]
[BlackElo "2061"]
[PlyCount "60"]
[EventDate "2002.12.06"]

1. e4 c6 2. d4 d5 3. Nc3 dxe4 4. Nxe4 Nf6 5. Nxf6+ gxf6 6. Nf3 Bg4 7. Be2 e6 8.
Be3 Bd6 9. Qd2 Nd7 10. O-O-O Qc7 11. h3 Bh5 12. Kb1 O-O-O 13. c4 Be7 14. Rhe1
Kb8 15. Qc3 Rhg8 16. g4 Bg6+ 17. Bd3 e5 18. Bxg6 hxg6 19. dxe5 fxe5 20. Ng5
Bxg5 21. Bxg5 f6 22. Bh4 g5 23. Bg3 Rh8 24. Rh1 Nc5 25. Qe3 Ne6 26. Rxd8+ Rxd8
27. h4 Qh7+ 28. Kc1 Nd4 29. Qd2 gxh4 30. Rxh4 Qe4 0-1

[Event "III Open Alto Sangro A"]
[Site "Castel di Sangro ITA"]
[Date "2002.12.??"]
[Round "4"]
[White "Ortega, Lexy"]
[Black "Della Corte, Alessandro"]
[Result "1-0"]
[WhiteElo "2452"]
[BlackElo "2058"]
[PlyCount "43"]
[EventDate "2002.12.06"]

1. d4 Nf6 2. Nf3 g6 3. c4 Bg7 4. g3 d6 5. Bg2 O-O 6. Nc3 Nbd7 7. O-O e5 8. e4
exd4 9. Nxd4 Re8 10. h3 a6 11. Rb1 h5 12. Bg5 Rb8 13. b4 c5 14. bxc5 Qa5 15.
Nd5 Nxd5 16. cxd5 Qxc5 17. Be3 Qc7 18. Qd2 h4 19. Rfc1 Nc5 20. g4 Qd7 21. f3
Ra8 22. Bg5 1-0

[Event "III Open Alto Sangro A"]
[Site "Castel di Sangro ITA"]
[Date "2002.12.??"]
[Round "4"]
[White "Rombaldoni, Andrea"]
[Black "Laketic, Gojko"]
[Result "1/2-1/2"]
[WhiteElo "2260"]
[BlackElo "2444"]
[PlyCount "113"]
[EventDate "2002.12.06"]

1. e4 Nf6 2. e5 Nd5 3. d4 d6 4. c4 Nb6 5. f4 dxe5 6. fxe5 Nc6 7. Be3 Bf5 8. Nc3
e6 9. Nf3 Nb4 10. Rc1 c5 11. Be2 Be7 12. O-O cxd4 13. Nxd4 Bg6 14. a3 Nc6 15.
Nxc6 bxc6 16. Qxd8+ Rxd8 17. Rfd1 O-O 18. Rxd8 Rxd8 19. Kf2 f6 20. exf6 gxf6
21. a4 Bb4 22. b3 Rd7 23. Na2 Ba3 24. Rf1 Bc2 25. a5 Nc8 26. Nc1 Nd6 27. Bd3
Ne4+ 28. Bxe4 Bxe4 29. Ne2 a6 30. Ra1 Bb4 31. Nd4 Bc3 32. Rd1 e5 33. Ne2 Rxd1
34. Nxc3 Ra1 35. Nxe4 f5 36. Nf6+ Kf7 37. Nd7 Rxa5 38. Bd2 Ra2 39. Nxe5+ Ke6
40. Nf3 c5 41. Ke2 Rb2 42. Ng5+ Ke5 43. Nxh7 Rxb3 44. Ng5 Kf6 45. Nf3 Ra3 46.
h4 Kg6 47. Ne5+ Kh5 48. Nd3 Ra4 49. Nxc5 Rxc4 50. Nxa6 Kxh4 51. Be1+ Kg4 52.
Nb4 f4 53. Nd3 Re4+ 54. Kf2 Ra4 55. Ne5+ Kf5 56. Nf3 Ra2+ 57. Bd2 1/2-1/2

[Event "III Open Alto Sangro A"]
[Site "Castel di Sangro ITA"]
[Date "2002.12.??"]
[Round "4"]
[White "Tomescu, Vlad"]
[Black "Franchini, Gabriele"]
[Result "1/2-1/2"]
[WhiteElo "2432"]
[BlackElo "2145"]
[PlyCount "66"]
[EventDate "2002.12.06"]

1. e4 e6 2. d4 d5 3. Nd2 dxe4 4. Nxe4 Bd7 5. Nf3 Bc6 6. Bd3 Nd7 7. O-O Ngf6 8.
Nxf6+ Qxf6 9. c3 Bxf3 10. Qxf3 Qxf3 11. gxf3 Bd6 12. Re1 O-O-O 13. Be3 Nf6 14.
c4 Kb8 15. Red1 c6 16. f4 g6 17. Kg2 Nh5 18. Kf3 Be7 19. Bc2 Rd7 20. Rd2 Rhd8
21. Rad1 Ng7 22. Bb3 Nf5 23. d5 Nxe3 24. fxe3 exd5 25. cxd5 cxd5 26. Rxd5 Rxd5
27. Rxd5 Rxd5 28. Bxd5 f6 29. Ke4 Bc5 30. h4 Kc7 31. b3 b6 32. Kf3 Kd6 33. e4
Bb4 1/2-1/2

[Event "III Open Alto Sangro A"]
[Site "Castel di Sangro ITA"]
[Date "2002.12.??"]
[Round "5"]
[White "Franchini, Gabriele"]
[Black "Della Corte, Alessandro"]
[Result "1/2-1/2"]
[WhiteElo "2145"]
[BlackElo "2058"]
[PlyCount "68"]
[EventDate "2002.12.06"]

1. d4 Nf6 2. Bg5 e6 3. Nd2 c5 4. e3 Nc6 5. Ngf3 b6 6. c3 Be7 7. Bd3 Bb7 8. O-O
Rc8 9. Qe2 d6 10. a3 Qc7 11. e4 h6 12. Bf4 g5 13. Be3 Ng4 14. d5 Nb8 15. Bb5+
Nd7 16. dxe6 fxe6 17. Nxg5 hxg5 18. Qxg4 d5 19. h3 a6 20. Bxd7+ Kxd7 21. exd5
Bxd5 22. g3 Rh6 23. Rad1 Rch8 24. Ne4 Kc6 25. c4 Bxc4 26. Nxg5 Bd5 27. Rxd5
exd5 28. Ne6 Qe5 29. Qa4+ b5 30. Qxa6+ Kd7 31. Bxh6 Rxh6 32. Nxc5+ Bxc5 33.
Qxh6 Qxg3+ 34. Kh1 Qf3+ 1/2-1/2

[Event "III Open Alto Sangro A"]
[Site "Castel di Sangro ITA"]
[Date "2002.12.??"]
[Round "5"]
[White "Rombaldoni, Denis"]
[Black "Ortega, Lexy"]
[Result "0-1"]
[WhiteElo "2061"]
[BlackElo "2452"]
[PlyCount "86"]
[EventDate "2002.12.06"]

1. d4 d5 2. Nf3 c6 3. c4 e6 4. Nc3 dxc4 5. a4 Bb4 6. Ne5 Nf6 7. e3 b5 8. Bd2 a5
9. axb5 Bxc3 10. Bxc3 cxb5 11. b3 Bb7 12. bxc4 b4 13. Bd2 Nbd7 14. Nd3 O-O 15.
f3 Qc7 16. Nb2 e5 17. d5 Nc5 18. e4 Nfd7 19. Be2 Ra6 20. O-O a4 21. Kh1 Qa5 22.
Qe1 Rb6 23. Be3 Ra8 24. Nxa4 Nxa4 25. Bd1 b3 26. Bxb6 Qxb6 27. Bxb3 Qxb3 28.
Rb1 Qxc4 29. Rxb7 Nac5 30. Rc7 Qd4 31. h3 h5 32. Qd1 Nd3 33. Kh2 Nf6 34. Qd2
Nf4 35. Rd1 h4 36. d6 Qxd2 37. Rxd2 Rd8 38. Rc5 Nd7 39. Rc7 f6 40. g3 hxg3+ 41.
Kxg3 Ne6 42. Ra7 Nd4 43. Rda2 Kf7 0-1

[Event "XXIII Memorial Edoardo Crespi Open"]
[Site "Milano ITA"]
[Date "2002.12.02"]
[Round "1"]
[White "Aranovitch, Emiliano"]
[Black "Maksimenko, Andrei"]
[Result "0-1"]
[WhiteElo "2192"]
[BlackElo "2507"]
[PlyCount "82"]
[EventDate "2002.12.02"]

1. e4 c5 2. Nf3 e6 3. g3 Nc6 4. Bg2 Nf6 5. Nc3 a6 6. O-O Qc7 7. d4 cxd4 8. Nxd4
d6 9. Re1 Bd7 10. Nxc6 bxc6 11. a4 a5 12. b3 Be7 13. Ba3 e5 14. Qd3 Rd8 15.
Rad1 Bc8 16. Nb1 O-O 17. Qc3 Rfe8 18. Nd2 Bg4 19. f3 Be6 20. Bf1 h5 21. Nc4
Bxc4 22. bxc4 h4 23. Rb1 hxg3 24. hxg3 Nh5 25. Kg2 d5 26. c5 Bg5 27. Bd3 dxe4
28. fxe4 Qc8 29. Rh1 Qg4 30. Rxh5 Qxh5 31. Rf1 Re6 32. Rh1 Qg4 33. Qe1 Rf6 34.
Qd1 Qxd1 35. Rxd1 Be3 36. Rb1 g6 37. Rb7 Kg7 38. Kh3 Rf2 39. Kg4 Kh6 40. Rb6
f5+ 41. exf5 gxf5+ 0-1

[Event "XXIII Memorial Edoardo Crespi Open"]
[Site "Milano ITA"]
[Date "2002.12.02"]
[Round "1"]
[White "Astengo, Marcello"]
[Black "Porat, David"]
[Result "0-1"]
[WhiteElo "2092"]
[BlackElo "2195"]
[PlyCount "80"]
[EventDate "2002.12.02"]

1. d4 d5 2. Nf3 Nf6 3. Bf4 e6 4. e3 Be7 5. Bd3 O-O 6. Nbd2 c5 7. c3 b6 8. Ne5
Bb7 9. Qf3 Nbd7 10. O-O Nxe5 11. dxe5 Nd7 12. Qh3 g6 13. Rad1 Re8 14. e4 Qc7
15. exd5 Bxd5 16. Rfe1 Rad8 17. Qg3 c4 18. Bc2 Nc5 19. h4 Kh8 20. b4 Nd3 21.
Re3 Nxf4 22. Qxf4 f5 23. Ree1 Rg8 24. Nf3 Bxf3 25. Qxf3 Bxh4 26. Ba4 Rxd1 27.
Qxd1 Rd8 28. Qc1 Rd3 29. Bb5 Rd5 30. Qh6 Be7 31. Be8 Rxe5 32. Rd1 Re4 33. Bxg6
Rh4 34. Bh5 Qh2+ 35. Kf1 Qh1+ 36. Ke2 Qxg2 37. Rd4 Rh1 38. Rd1 Qe4+ 39. Qe3
Qxe3+ 40. fxe3 Rxh5 0-1

[Event "XXIII Memorial Edoardo Crespi Open"]
[Site "Milano ITA"]
[Date "2002.12.02"]
[Round "1"]
[White "Barlocco, Carlo"]
[Black "Qendro, Llambi"]
[Result "1-0"]
[WhiteElo "2160"]
[BlackElo "2364"]
[PlyCount "61"]
[EventDate "2002.12.02"]

1. d4 d6 2. e4 Nf6 3. f3 g6 4. Be3 c6 5. Bd3 Bg7 6. Ne2 O-O 7. Qd2 e5 8. Nbc3
Nbd7 9. Bh6 b5 10. h4 a6 11. g4 Bb7 12. h5 Qe7 13. Bxg7 Kxg7 14. hxg6 fxg6 15.
Qh6+ Kg8 16. O-O-O exd4 17. Nxd4 c5 18. g5 Ng4 19. Nf5 Rxf5 20. fxg4 Rf2 21. e5
Nxe5 22. Be4 Raf8 23. Bxb7 Qxb7 24. Ne4 Rxc2+ 25. Kxc2 Qxe4+ 26. Kc1 Rf2 27.
Qxh7+ Kf8 28. Qh8+ Ke7 29. Rh7+ Nf7 30. Qc3 Qxg4 31. Qe3+ 1-0

[Event "XXIII Memorial Edoardo Crespi Open"]
[Site "Milano ITA"]
[Date "2002.12.02"]
[Round "1"]
[White "Brovelli, Claudio"]
[Black "Lazic, Miroljub"]
[Result "0-1"]
[WhiteElo "2180"]
[BlackElo "2461"]
[PlyCount "66"]
[EventDate "2002.12.02"]

1. d4 d5 2. Nf3 c6 3. e3 Nf6 4. Bd3 Bg4 5. Nbd2 Nbd7 6. h3 Bh5 7. c4 e6 8. Qb3
Qc7 9. O-O Be7 10. Re1 O-O 11. Qc2 dxc4 12. Qxc4 c5 13. b3 Rac8 14. Bb2 Rfd8
15. Rac1 Qb8 16. Bb1 b5 17. Qf1 cxd4 18. Bxd4 Rxc1 19. Rxc1 Ba3 20. Rd1 a6 21.
Ne4 Nd5 22. g4 Bg6 23. h4 Bxe4 24. Bxe4 N7f6 25. Bxd5 Nxd5 26. Be5 Qc8 27. Qd3
Be7 28. Qe4 Rd7 29. Qb1 b4 30. Rc1 Nc3 31. Qc2 f6 32. Bd4 Rc7 33. Kg2 e5 0-1

[Event "XXIII Memorial Edoardo Crespi Open"]
[Site "Milano ITA"]
[Date "2002.12.02"]
[Round "1"]
[White "Dragojlovic, Andjelko"]
[Black "Mazzariol, Oscar"]
[Result "1-0"]
[WhiteElo "2324"]
[BlackElo "2141"]
[PlyCount "79"]
[EventDate "2002.12.02"]

1. e4 c5 2. Nf3 e6 3. b3 d5 4. exd5 exd5 5. Bb2 Nf6 6. Bb5+ Bd7 7. Qe2+ Qe7 8.
Ne5 a6 9. Nxd7 Nbxd7 10. Qxe7+ Bxe7 11. Be2 O-O 12. O-O Rfe8 13. Bf3 Rac8 14.
Nc3 Nb6 15. a4 d4 16. Ne4 Rc7 17. Rfe1 Kf8 18. a5 Nbd5 19. Nxf6 Nxf6 20. c3
dxc3 21. dxc3 Rd8 22. c4 Rd3 23. Re3 Rcd7 24. Rae1 Rxe3 25. Rxe3 Ne8 26. g3 Rd2
27. Bc3 Rd7 28. Bg4 Rc7 29. Rd3 Bf6 30. Bd2 Bd4 31. Bf4 Re7 32. Kf1 b5 33. axb6
Rb7 34. Rxd4 cxd4 35. c5 d3 36. Ke1 Nf6 37. Bf3 Re7+ 38. Kd2 Ne4+ 39. Bxe4 Rxe4
40. b7 1-0

[Event "XXIII Memorial Edoardo Crespi Open"]
[Site "Milano ITA"]
[Date "2002.12.02"]
[Round "1"]
[White "Drazic, Sinisa"]
[Black "Lebel, Patrick"]
[Result "1-0"]
[WhiteElo "2465"]
[BlackElo "2183"]
[PlyCount "63"]
[EventDate "2002.12.02"]

1. c4 b6 2. b3 Bb7 3. Bb2 e6 4. Nf3 Nf6 5. g3 Bxf3 6. exf3 d5 7. d3 Bb4+ 8. Bc3
Be7 9. f4 O-O 10. Bg2 c6 11. O-O Nbd7 12. Qc2 a5 13. Nd2 b5 14. a4 Qb6 15. d4
b4 16. Bb2 c5 17. f5 cxd4 18. fxe6 fxe6 19. cxd5 Rac8 20. Qd3 exd5 21. Rae1 Bc5
22. Re2 Rfe8 23. Rfe1 Rxe2 24. Rxe2 Qd6 25. Qf5 g6 26. Qb1 Ne5 27. Nf3 Nxf3+
28. Bxf3 Re8 29. Rxe8+ Nxe8 30. Qd3 Nf6 31. Kg2 Kf7 32. h4 1-0

[Event "XXIII Memorial Edoardo Crespi Open"]
[Site "Milano ITA"]
[Date "2002.12.02"]
[Round "1"]
[White "Lapiccirella, Mattia"]
[Black "Gandolfi, Gianfranco"]
[Result "1-0"]
[WhiteElo "2193"]
[BlackElo "2007"]
[PlyCount "46"]
[EventDate "2002.12.02"]

1. d4 d5 2. Nf3 Bf5 3. c4 e6 4. Nc3 Nc6 5. a3 a6 6. cxd5 exd5 7. Bf4 Nf6 8. e3
h6 9. Rc1 Bd6 10. Ne5 Bxe5 11. dxe5 Nd7 12. Nxd5 O-O 13. e6 fxe6 14. Bxc7 Qc8
15. Rxc6 exd5 16. Rc1 Nf6 17. Bd6 Qd7 18. Bxf8 Rxf8 19. Be2 d4 20. Qxd4 Qxd4
21. exd4 Re8 22. Kf1 Ne4 23. f3 Nd2+ 1-0

[Event "XXIII Memorial Edoardo Crespi Open"]
[Site "Milano ITA"]
[Date "2002.12.02"]
[Round "1"]
[White "Mazzini, Antonio"]
[Black "Sanchez, Joseph"]
[Result "1/2-1/2"]
[WhiteElo "2122"]
[BlackElo "2307"]
[PlyCount "87"]
[EventDate "2002.12.02"]

1. d4 Nf6 2. Nf3 d5 3. e3 c6 4. Bd3 Bg4 5. Nbd2 Nbd7 6. h3 Bh5 7. g4 Bg6 8. Ne5
e6 9. Ndf3 Bd6 10. Bd2 Qc7 11. Nxd7 Nxd7 12. Qe2 O-O-O 13. Bc3 Kb8 14. O-O-O
Rc8 15. Kb1 Nf6 16. Nh4 Be4 17. f3 Bxd3 18. Rxd3 c5 19. dxc5 Qxc5 20. Bxf6 gxf6
21. f4 Qa5 22. Rhd1 Rc4 23. Nf3 Rhc8 24. Nd4 a6 25. Nb3 Qb6 26. c3 a5 27. Ka1
a4 28. Nd2 R4c5 29. Nb1 Qa6 30. R3d2 Rb5 31. a3 Rc6 32. Rd4 Bc5 33. R4d3 Rcb6
34. R1d2 Rb3 35. e4 Qb5 36. exd5 Bxa3 37. dxe6 Bxb2+ 38. Rxb2 Rxb2 39. Rd8+ Kc7
40. Qxb5 R2xb5 41. exf7 Rxb1+ 42. Ka2 R1b2+ 43. Ka1 Rb1+ 44. Ka2 1/2-1/2

[Event "XXIII Memorial Edoardo Crespi Open"]
[Site "Milano ITA"]
[Date "2002.12.02"]
[Round "1"]
[White "Mrdja, Milan"]
[Black "Astengo, Corrado"]
[Result "1-0"]
[WhiteElo "2368"]
[BlackElo "2172"]
[PlyCount "61"]
[EventDate "2002.12.02"]

1. e4 e6 2. d4 d5 3. Nc3 Nc6 4. Nf3 Nf6 5. e5 Ne4 6. a3 Be7 7. Bd3 Nxc3 8. bxc3
b6 9. O-O O-O 10. Re1 Bb7 11. h3 Qd7 12. Ng5 Bxg5 13. Bxg5 Rae8 14. Qg4 Ne7 15.
Re3 c5 16. Rg3 Ng6 17. h4 c4 18. Bf1 f5 19. exf6 gxf6 20. Bh6 f5 21. Qf3 f4 22.
Rg5 Rf5 23. h5 Rxg5 24. Bxg5 Ne7 25. Bxf4 Nc6 26. Re1 Qf7 27. Re3 Rf8 28. Qg3+
Kh8 29. Rf3 Qg7 30. Qxg7+ Kxg7 31. Bh6+ 1-0

[Event "XXIII Memorial Edoardo Crespi Open"]
[Site "Milano ITA"]
[Date "2002.12.02"]
[Round "1"]
[White "Sareen, Vishal"]
[Black "Facchetti, Gianni"]
[Result "1-0"]
[WhiteElo "2335"]
[BlackElo "2160"]
[PlyCount "45"]
[EventDate "2002.12.02"]

1. e4 e5 2. Nf3 Nc6 3. Bb5 Bc5 4. O-O Nd4 5. Nxd4 Bxd4 6. c3 Bb6 7. d4 c6 8.
Bc4 d6 9. Bb3 Qh4 10. Nd2 Nf6 11. Nc4 Bc7 12. dxe5 dxe5 13. Nd6+ Bxd6 14. Qxd6
Nd7 15. f4 Qe7 16. fxe5 Nxe5 17. Qd4 f6 18. Bf4 Rf8 19. Bxe5 fxe5 20. Rxf8+
Kxf8 21. Qc4 Ke8 22. Rf1 Kd8 23. Qg8+ 1-0

[Event "XXIII Memorial Edoardo Crespi Open"]
[Site "Milano ITA"]
[Date "2002.12.02"]
[Round "1"]
[White "Sbarra, Marco"]
[Black "Valenti, Giuseppe"]
[Result "1-0"]
[WhiteElo "2220"]
[BlackElo "2230"]
[PlyCount "113"]
[EventDate "2002.12.02"]

1. e4 c5 2. Nf3 e6 3. b3 Nc6 4. Bb5 Nge7 5. O-O a6 6. Bxc6 Nxc6 7. Bb2 b5 8. d3
Bb7 9. c4 b4 10. Nbd2 Qc7 11. Ng5 h6 12. Ngf3 e5 13. Nh4 Qd6 14. Qe2 g6 15. f4
Nd4 16. Qf2 exf4 17. Nhf3 Bg7 18. Nxd4 Bxd4 19. Bxd4 Qxd4 20. Qxd4 cxd4 21.
Rxf4 a5 22. a4 bxa3 23. Rxa3 Ke7 24. Nf3 Bc6 25. Nxd4 Rhb8 26. Rf2 Rb4 27. Rfa2
a4 28. bxa4 Ra5 29. Kf2 f5 30. exf5 gxf5 31. Ke3 Ba8 32. Kf4 Kf6 33. Rb3 Rbxa4
34. Rxa4 Rxa4 35. Rb6+ Kf7 36. Rxh6 d5 37. g3 dxc4 38. dxc4 Rxc4 39. Ke5 Rc5+
40. Kf4 Rc4 41. Ke3 Rc3+ 42. Kd2 Rc5 43. Ra6 Bg2 44. Ne6 Rd5+ 45. Ke3 Bf1 46.
Ng5+ Kg7 47. Ra1 Kg6 48. h4 Bb5 49. Rb1 Kh5 50. Rb4 Bd7 51. Kf4 Rd1 52. Rb7
Rd4+ 53. Ke3 Rg4 54. Rxd7 Rxg3+ 55. Kf4 Rg4+ 56. Kxf5 Rxh4 57. Rh7# 1-0

[Event "XXIII Memorial Edoardo Crespi Open"]
[Site "Milano ITA"]
[Date "2002.12.02"]
[Round "1"]
[White "Vismara, Daniele"]
[Black "Crippa, Gabriele"]
[Result "1-0"]
[WhiteElo "2246"]
[BlackElo "2118"]
[PlyCount "51"]
[EventDate "2002.12.02"]

1. Nf3 d5 2. d4 Nf6 3. c4 e6 4. Nc3 Nbd7 5. Bg5 c6 6. e3 Qa5 7. Nd2 Bb4 8. Qc2
Ne4 9. Ndxe4 dxe4 10. Bh4 O-O 11. Be2 e5 12. O-O exd4 13. Nxe4 dxe3 14. fxe3
Bc5 15. Kh1 Bxe3 16. Bd3 Ne5 17. Nf6+ gxf6 18. Bxh7+ Kg7 19. Bxf6+ Kh6 20. Qe4
Ng4 21. Bf5 Bxf5 22. Rxf5 Nf2+ 23. Rxf2 Bxf2 24. Rf1 Be1 25. Rf5 Qd2 26. Qg4
1-0

[Event "XXIII Memorial Edoardo Crespi Open"]
[Site "Milano ITA"]
[Date "2002.12.02"]
[Round "1"]
[White "Zanetti, Alberto"]
[Black "Popa, Florin"]
[Result "0-1"]
[WhiteElo "2004"]
[BlackElo "2193"]
[PlyCount "88"]
[EventDate "2002.12.02"]

1. d4 d5 2. e3 g6 3. Nf3 Bg7 4. c4 c6 5. Nc3 Nf6 6. Bd3 O-O 7. O-O a6 8. a4
dxc4 9. Bxc4 Nbd7 10. h3 Qc7 11. e4 e5 12. Be3 exd4 13. Bxd4 c5 14. Be3 Nb6 15.
Ba2 Rd8 16. Qe2 Be6 17. Bxe6 fxe6 18. a5 Nbd7 19. Qc4 Re8 20. Rfd1 Rac8 21. Rd2
h6 22. Rad1 Re7 23. g4 g5 24. Rd6 Nf8 25. e5 Ne8 26. Ne4 Qxa5 27. h4 b5 28. Qc2
Nxd6 29. exd6 Rf7 30. Nexg5 hxg5 31. Nxg5 Rd7 32. h5 Qa4 33. Qe2 Qb3 34. Ne4
Qxb2 35. Qf3 Rf7 36. Qg2 Qe2 37. Rd2 Qf3 38. Nxc5 Qxg2+ 39. Kxg2 a5 40. g5 Rxc5
41. Bxc5 Rf5 42. Be3 Rd5 43. Kf1 Rxd2 44. Bxd2 a4 0-1

[Event "XXIII Memorial Edoardo Crespi Open"]
[Site "Milano ITA"]
[Date "2002.12.03"]
[Round "2"]
[White "Astengo, Corrado"]
[Black "Zanetti, Alberto"]
[Result "0-1"]
[WhiteElo "2172"]
[BlackElo "2004"]
[PlyCount "98"]
[EventDate "2002.12.02"]

1. e4 c5 2. Nf3 e6 3. d4 cxd4 4. Nxd4 a6 5. Nc3 Qc7 6. Bd3 Nc6 7. Be3 Nf6 8.
O-O b5 9. a3 Bb7 10. Kh1 h5 11. f4 Ng4 12. Bg1 g5 13. Nxc6 dxc6 14. fxg5 O-O-O
15. Qf3 Ne5 16. Qh3 Bd6 17. Rae1 Rdg8 18. Qh4 c5 19. h3 Rg7 20. Bh2 Rhg8 21.
Bf4 Nxd3 22. cxd3 Bxf4 23. Qxf4 Qxf4 24. Rxf4 Rxg5 25. Re2 f5 26. Rff2 b4 27.
axb4 cxb4 28. Na4 fxe4 29. dxe4 Re5 30. Rf4 Rd8 31. Rc2+ Kb8 32. Nc5 a5 33. Rf7
Bc8 34. Kh2 Rg5 35. Re7 e5 36. Rf2 Rdg8 37. Nd3 Bb7 38. Nxe5 a4 39. Nd7+ Ka7
40. Rc2 R5g7 41. Rxg7 Rxg7 42. Nf6 Kb6 43. Nxh5 Bxe4 44. Re2 Rxg2+ 45. Rxg2
Bxg2 46. Nf4 a3 47. bxa3 bxa3 48. Kxg2 a2 49. Nd5+ Kc5 0-1

[Event "XXIII Memorial Edoardo Crespi Open"]
[Site "Milano ITA"]
[Date "2002.12.03"]
[Round "2"]
[White "Contin, Daniel"]
[Black "Lapiccirella, Mattia"]
[Result "1-0"]
[WhiteElo "2330"]
[BlackElo "2193"]
[PlyCount "59"]
[EventDate "2002.12.02"]

1. Nf3 Nf6 2. c4 g6 3. b3 Bg7 4. Bb2 O-O 5. g3 d6 6. Bg2 e5 7. O-O c6 8. d3
Nbd7 9. Nbd2 a5 10. Qc2 Nc5 11. a3 Bg4 12. b4 axb4 13. axb4 Rxa1 14. Rxa1 Ne6
15. e3 Bxf3 16. Nxf3 Nd7 17. Nd2 Qb6 18. Bc3 Rc8 19. Qa4 f5 20. Qa2 Qc7 21. c5
Ndf8 22. Nc4 d5 23. Nd6 Rd8 24. e4 d4 25. exf5 gxf5 26. Bd2 Rxd6 27. cxd6 Qxd6
28. Bh3 e4 29. Bxf5 e3 30. Be1 1-0

[Event "XXIII Memorial Edoardo Crespi Open"]
[Site "Milano ITA"]
[Date "2002.12.03"]
[Round "2"]
[White "Crippa, Gabriele"]
[Black "Brovelli, Claudio"]
[Result "0-1"]
[WhiteElo "2118"]
[BlackElo "2180"]
[PlyCount "114"]
[EventDate "2002.12.02"]

1. d4 e6 2. e4 d5 3. e5 c5 4. c3 Nc6 5. Nf3 Bd7 6. a3 a5 7. Be2 Nge7 8. b3 Ng6
9. h4 Be7 10. g3 O-O 11. h5 Nh8 12. Be3 cxd4 13. cxd4 f6 14. exf6 Bxf6 15. Nc3
Nf7 16. Rc1 Na7 17. Qc2 Rc8 18. Qb1 Nd6 19. Bd3 h6 20. a4 Nc6 21. O-O Be8 22.
Bg6 Be7 23. Ne5 Nxe5 24. dxe5 Nf5 25. Nxd5 Rxc1 26. Nxe7+ Nxe7 27. Bh7+ Kh8 28.
Rxc1 Bxh5 29. Be4 Nd5 30. Bc5 Rf7 31. Bg6 Bxg6 32. Qxg6 Qe8 33. Bd6 Kg8 34. Rc4
Qd7 35. Qc2 g5 36. Qg6+ Rg7 37. Qxh6 b6 38. Rg4 Qc8 39. Rc4 Qe8 40. Qh3 Rh7 41.
Qg4 Qg6 42. Rc8+ Kg7 43. Bf8+ Kf7 44. Qf3+ Qf5 45. Qxf5+ exf5 46. Ba3 f4 47.
Kg2 Ke6 48. Bd6 Kf5 49. Kf3 g4+ 50. Ke2 Rh2 51. Kd3 Rxf2 52. Rf8+ Ke6 53. gxf4
g3 54. f5+ Rxf5 55. Rg8 g2 56. Ke4 Rf4+ 57. Kd3 Rf1 0-1

[Event "XXIII Memorial Edoardo Crespi Open"]
[Site "Milano ITA"]
[Date "2002.12.03"]
[Round "2"]
[White "Facchetti, Gianni"]
[Black "Bozzali, Ermanno"]
[Result "1-0"]
[WhiteElo "2160"]
[BlackElo "2135"]
[PlyCount "156"]
[EventDate "2002.12.02"]

1. e4 c5 2. Nf3 e6 3. d4 cxd4 4. Nxd4 a6 5. g3 Qc7 6. Bg2 Nc6 7. Nb3 h5 8. h4
Bb4+ 9. c3 Bd6 10. f4 e5 11. f5 b6 12. Be3 Bb7 13. N1d2 Nce7 14. Qe2 Rc8 15.
O-O Nf6 16. Bf3 Qc6 17. Rad1 a5 18. a4 Ra8 19. Qb5 Ba6 20. Qxc6 dxc6 21. Rfe1
Bc7 22. Nf1 Rd8 23. Rxd8+ Kxd8 24. Rd1+ Kc8 25. Bg5 Neg8 26. Kg2 Nd7 27. Be3
Ngf6 28. Bf2 Bd8 29. Ne3 Be7 30. Nc2 Kc7 31. Rd2 Bc4 32. Nc1 Nc5 33. Bxc5 Bxc5
34. b3 Ba6 35. c4 Bb7 36. Kf1 Rg8 37. Nd3 Rd8 38. Ke2 Bd6 39. Ne3 Bb4 40. Nxb4
axb4 41. Rxd8 Kxd8 42. Nc2 c5 43. Kd3 g6 44. fxg6 fxg6 45. Ne3 Ke7 46. Nd5+
Bxd5 47. exd5 Ne8 48. Be4 Kf6 49. Ke3 Nd6 50. Bc2 g5 51. Kf3 Nf7 52. Kg2 gxh4
53. gxh4 Nd6 54. Kf3 Nf7 55. Ke3 Nh6 56. Be4 Ke7 57. Bg6 Kf6 58. Bxh5 Nf5+ 59.
Kd2 Nxh4 60. Bg4 Ke7 61. Ke3 Kd6 62. Bf3 Nf5+ 63. Kd3 Ke7 64. Ke4 Kf6 65. Bg4
Nd6+ 66. Ke3 Kg5 67. Bd1 e4 68. Be2 Kf5 69. Bh5 Kg5 70. Be2 Kf5 71. Bf1 Ke5 72.
Bh3 Nb7 73. Bg4 Na5 74. Bd1 Kf5 75. Bc2 Ke5 76. Bd1 Nb7 77. Bh5 Nd6 78. Bg6 Nc8
1-0